02232nam a2200241 4500003000400000005001700004008004100021020001800062040002600080041000800106050002200114100003400136245012200170264006900292300002700361336002600388337002800414338002800442504002900470505043800499520104100937650001201978OSt20260514104036.0260514b |||||||| |||| 00| 0 aze d a9789952390537 aAZ-XaKUbazecAZ-XaKU aaze04aKLE272 .N113 20231 aNəbili, Fərid,emüəllif.1 aVergi hüququb: Azərbaycan vergi hüququ müqayisəli və beynəlxalq vergitutma kontekstindəc/ Fərid Nəbili aİstanbul:bBilnet Matbaacılık ve Yayıncılık A.Ş,c2023. a545 səhifə ;c26 sm. atextbtxt2rdacontent aunmediatedbn2rdamedia avolume bnc2rdacarrier aBibloqrafiya: s. 524-5440 aGiriş -- 1. Fəsil. Verginin tarixi və fəlsəfi kökləri -- 2. Fəsil. Verginin əsasları -- 3. Fəsil. Vergi hüququnun əsasları -- 4. Fəsil. Gəlir vergisi -- 5. Fəsil. Əmək gəlirlərinin vergiyə cəlb edilməsi -- 6. Fəsil. Korporativ mənfəətin vergiyə cəlb edilməsi -- 8. Fəsil. Yenidən təşkil və ləğvin vergi aspektləri -- 9. Fəsil. Beynəlxalq vergitutma -- 10. Fəsil. Vergidən yan keçmə. aMüəllifin əsər üzərindəki bütün hüquqları əqli mülkiyyət üzrə yerli və beynəlxalq qanunvericilik çərçivəsində qorunur. Bu kitabın heç bir hissəsi müəllifin əvvəlcədən yazılı razılığı alınmadan hər hansı formada və ya hər hansı üsulla, o cümlədən fotokopiya, səsyazma və ya digər elektron və ya mexaniki üsullarla çoxaldıla, yayıla və ya ötürülə bilməz. Bununla belə, müəllif hüquqları qanunvericiliyinin icazə verdiyi həddə qeyri-kommersiya məqsədli istifadələrdə kitabdan qısa sitat gətirilməsinə icazə verilir. Kitabın hər hansı hissəsinin istifadəsi ilə bağlı icazə sorğuları üçün müəllifin f.nabili@caspianlegalcenter.az elektron poçt ünvanına "Vergi Hüququ kitabı. İcazə" başlığı ilə müraciət edə bilərsiniz. Kitabda yer alan hər hansı fikir hüquqi məsləhət kimi qəbul edilməməli, vergidən yayınma məqsədləri üçün rəy və ya mənbə kimi istifadə edilməməlidir 72AZ-XaKU